1017 1678 1673 1619 1708 1871 1829 1943 1070 1591 1469 1254 1367 1630 1381 1673 1124 1631 1411 1635 1067 1253 1778 1090 1361 1935 1165 1147 1590 1640 1204 1369 1664 1126 1250 1192 1266 1212 1642 1892 1985 1833 1015 1683 1757 1577 1635 1290 1946 1372 1177 1513 1010 1488 1028 1656 1206 1162 1469 1828 1166 1187 1350 1099 1894 1492 1036 1516 1731 1700 1383 1772 1845 1811 1779 1539 1043 1747 1203 1690 1318 1168 1187 1401 1687 1677 1456 1660 1382 1614 1109 1106 1880 1547 1700 1179 1419 1372 1031 BCNSPRNW ULIB Ver.6.0+V

เปลี่ยนเป็นภาษาไทย

Change to English
 แสดงรายละเอียดบรรณานุกรม
  กลับหน้าหลัก

Brief Record : Get Marc (ISO 2709) : E-mail record : QR code < ปิดหน้าต่าง
LEADER : 00000nam 2200000uu 4500
001    13399122910
003     ULIB
008    131029s2012||||th 000 0 eng d
020    ^a9780763773847
060 04 ^aWY152.3^bP167
245 00 ^aPalliative care nursing :^bcaring for suffering patients /^cKathleen Ouimet Perrin ... [et al.]
260    ^aSudbury, MA :^bJones & Bartlett Learning,^c2012.
300    ^axiv, 356 p. :^bill. ;^c23 cm.
504    ^aIncludes bibliographical references and index.
650  0 ^aPalliative treatment.
650  0 ^aNursing.
650  0 ^aSuffering.
650  2 ^aNursing Care^xmethods.
650  2 ^aPalliative Care^xethics.
650  2 ^aPain^xnursing.
650  2 ^aTerminal Care^xmethods.
700 1  ^aPerrin, Kathleen Ouimet.
945    ^p59^l0^i034128
999    ^aเกษร โพธิ์สุวรรณ
รายการนี้ยังไม่มีแท็ก
คุณยังไม่ได้ล็อกอิน คุณสามารถมีกิจกรรมร่วมกับเว็บไซต์ได้ แต่ต้องล็อกอินก่อน ::
  ล็อกอิน

รายการสื่อสารสนเทศ

ลำดับที่ ประเภท เลขเรียก/บาร์โค้ด สถานที่ สถานะ
1. Book การพยาบาล
Book การพยาบาล
WY152.3 P167  
  Barcode: 034128
ห้องสมุดวิทยาเขตสวรรค์ประชารักษ์
►หนังสือทั่วไป
บนชั้น

รายการใกล้เคียง
    หัวเรื่อง [Nursing.]

BibComment


ยังไม่เคยถูกคอมเมนท์

คอมเมนท์ทรัพยากรรายการนี้
  คอมเมนท์: Palliative care ..


 Copyright 2026. Bcnsprnw @Library